000 00702nam a2200277Ia 4500
005 20260324124135.0
008 008 260324s9999 xx 000 0 eng d
020 _a9780203806548
037 _aEBOOK
040 _aCRL
040 _beng
040 _cCRL
041 _2eng
041 _aeng
084 _qCRL
100 _aFrederick Stapenhurst; Cindy Kroon; Rasheed Draman; Andrew Imlach; Alexander Hamilton
_91173001
245 0 _aAfrican Parliamentary Reform
260 _bTaylor and Francis
260 _c2011
365 _a
365 _b150
856 _uhttp://www.taylorfrancis.com/books/9780203806548
942 _cEBOOK
999 _c1767147
_d1767147